Non-valuation bank assets and approaches in their resolution in the Slovak and Czech Republic

Riešenie problémov slovenského bankového sektora po roku 1993. Riešenie problémov českého bankového sektora po roku 1993. Dohoda o nedostupných úveroch. Transformácia bankových inštitúcií v Čechách a na Slovensku. Hodnotenie žiadostí o úver. Rôzne metódy hodnotenia. Snaha vytvoriť efektívny bankový...

Ausführliche Beschreibung

Gespeichert in:
Bibliographische Detailangaben
1. Verfasser: Forišková, Dana
Weitere Verfasser: Klimiková, Mária
Format: Buchkapitel
Sprache:Englisch
Schlagworte:
Tags: Tag hinzufügen
Keine Tags, Fügen Sie das erste Tag hinzu!

MARC

LEADER 00000naa$a2200000$$$4500
001 0056381
005 20240502083138.8
041 0 |a eng 
044 |a PL 
245 1 0 |a Non-valuation bank assets and approaches in their resolution in the Slovak and Czech Republic  |c Dana Forišková, Mária Klimiková 
520 |a Riešenie problémov slovenského bankového sektora po roku 1993. Riešenie problémov českého bankového sektora po roku 1993. Dohoda o nedostupných úveroch. Transformácia bankových inštitúcií v Čechách a na Slovensku. Hodnotenie žiadostí o úver. Rôzne metódy hodnotenia. Snaha vytvoriť efektívny bankový systém. 
610 2 0 |a bankovníctvo 
610 2 0 |a banky 
610 2 0 |a transformácia 
610 2 0 |a aktíva 
610 2 0 |a úver bankový 
610 2 0 |a Slovensko 
610 2 0 |a Česko 
100 1 |a Forišková, Dana 
700 1 |a Klimiková, Mária